Cidade, usos & [i.e. e] abusos /

Saved in:
Bibliographic Details
Corporate Authors: Simpósio sobre Marginalidade Social Recife, Brazil, Sociedade Brasileira para o Progresso da Ciência
Other Authors: Hogan, Daniel Joseph
Format: Conference Proceeding Book
Language:English
Published: Sao Paulo : Editora Brasiliense, 1978 .
Subjects:
LEADER 01317nam a2200277 i 4500
001 c000236161
003 CARM
005 00000000000000.0
008 840301s1978 bl 0 eng d
019 1 |a 1343072  |5 LACONCORD2021 
035 |a (OCoLC)4592085  |5 LACONCORD2021 
082 0 4 |a 309.1816 
111 2 |a Simpósio sobre Marginalidade Social  |d (1974 :  |c Recife, Brazil) 
245 1 0 |a Cidade, usos & [i.e. e] abusos /  |c Daniel J. Hogan ... [et al.]. 
260 |a Sao Paulo :  |b Editora Brasiliense,  |c 1978 . 
300 |a 166 p. ;  |c 21 cm. 
500 |a "Reune serie de trabalhos apresentados em Simposio sobre Marginalidade Social, no XXVIII Congresso da Sociedade Brasileira para o Progresso da Ciencia (SBPC), no Recife, em julho de 1974." . 
504 |a Includes bibliographical references. 
650 0 |a Marginality, Social  |z Brazil  |z São Paulo  |x Congresses. 
650 0 |a Labor supply  |z Brazil  |z São Paulo  |x Congresses. 
650 0 |a Hotels  |z Brazil  |z São Paulo  |x Congresses. 
700 1 |a Hogan, Daniel Joseph. 
710 2 |a Sociedade Brasileira para o Progresso da Ciência. 
852 8 |b CARM  |h A2:AQ28A0  |i B07609  |p 0320261  |f BK 
999 f f |i 93a4cb19-950c-5bae-a3b5-ae31a3c5a2c8  |s 2d75a3f8-f61f-5d41-accd-59e18aad7ae1 
952 f f |p Can circulate  |a CAVAL  |b CAVAL  |c CAVAL  |d CARM 1 Store  |e B07609  |f A2:AQ28A0  |h Other scheme  |i book  |m 0320261